| 000 | 00594nam a22001930 4500 | ||
|---|---|---|---|
| 003 | PILC | ||
| 005 | 20150929092524.0 | ||
| 008 | 951219s1986 | ||
| 050 |
_aQA 533 _b.H145 2001 |
||
| 100 | 1 | _aHagos, Luisito C. | |
| 245 | 1 | 0 |
_aPlane trigonometry / _cLuisito C. Hagos, Sergio E. Ymas Jr, Carmelita E. Agalabia. |
| 260 |
_aManila : _bSta Monica Printing Corp, _c2001. |
||
| 300 |
_aviii, 240 pages ; _c25 cm. |
||
| 500 | _aIncludes appendix. | ||
| 650 | _aTrigonometry. | ||
| 700 | 1 | _aYmas, Jr, Sergio E. | |
| 700 | 1 | _aAgalabia, Carmelita E. | |
| 942 |
_2lcc _cBK _kFIL |
||
| 999 |
_c288771 _d288771 |
||